000 00568nam a2200205 4500
003 OSt
005 20260601171000.0
008 260507b1973\\\\||||||||\||||\001\0\eng\d
020 _a85634012X
040 _aICI
_bspa
_cICI
050 _aHC59
_b.S34
100 1 _aSCHUMACHER, E.F.
_931200
245 1 _aSmall is Beautiful
_bA Study of Economics as if People Mattered
264 _bBLOND & BRIGGS
_c1973
_aGran Bretaña
300 _a288 páginas
336 _atexto
_2rdacontent
337 _asin medio
_2rdamedia
338 _avolumen
_2rdacarrier
942 _2lcc
_cB
_n1
999 _c20012
_d20012